25 Największych miast Rumunii na mapie - Statystyki

Ogólne statystyki
  • Ten quiz został rozwiązany 20 razy
  • Średni wynik to 8 z 25
Odpowiedzi na mapie
Odpowiedzi zakodowano w zielono-czerwonej skali na mapie do tego quizu, zgodnie z poniższymi procentami.
 
Statystyki odpowiedzi
Miasto Populacja % Poprawnych
Bukareszt 1,7 mln
100%
Kluż-Napoka 290k
62%
Timisoara 250k
62%
Jassy 270k
54%
Konstanca 260k
54%
Braszów 240k
46%
Oradea 180k
46%
Krajowa 230k
38%
Sybin 135k
38%
Arad 150k
31%
Gałacz 220k
31%
Pitesti 140k
31%
Bacau 140k
23%
Braiła 155k
23%
Buzau 105k
23%
Ploeszti 180k
23%
Ramnicu Valcea 95k
23%
Satu Mare 90k
23%
Targu Mures 115k
23%
Baia Mare 110k
15%
Botoszany 90k
15%
Bystrzyca 80k
15%
Drobeta-Turnu Severin 80k
15%
Piatra Neamț 80k
15%
Suczawa 85k
15%
Nie znaleziono quizów pasujących do podanych kryteriów
Rozkład punktacji
Procent ludzi z każdym wynikiem
Percentyl według liczby udzielonych odpowiedzi
Twoja historia wyników
Nie rozwiązałeś tego quizu